Pièces de monnaies européennes n°1 - Statistiques

Statistiques générales
  • Ce quiz a été pris 188 fois
    165 depuis la dernière actualisation
  • Le résultat moyen est 9 sur 16
Statistiques - réponses
Descriptions des dos de pièces Valeurs des pièces Pays % Correct
Harpe gaélique 10 centimes Irlande
80%
Ioánnis Kapodístrias 20 centimes Grèce
78%
Armoiries de "LATVIJA" 50 centimes Lettonie
78%
Prince Albert II 1 euro Monaco
78%
Roi Philippe 2 euros Belgique
76%
Arbre de vie 2 euros France
67%
Fleur d'edelweiss 2 centimes Autriche
63%
Grand Duc Henri 50 centimes Luxembourg
63%
Branche de chêne 1 centime Allemagne
59%
Croix (du pays recherché) 1 euro Malte
55%
Homme en mouvement 20 centimes Italie
50%
Le chevalier Vytis 1 centime Lituanie
40%
Le mont Kriváň 2 centimes Slovaquie
36%
Lion héraldique 10 centimes Finlande
17%
Izard 5 centimes Andorre
16%
Couple de mouflons 5 centimes Chypre
16%
Aucun quiz correspondant
Distribution des résultats
% des personnes avec chaque résultat
Percentile par nombre de réponses
Votre historique - résultats
Vous n’avez pas pris ce quiz depuis la dernière actualisation